LEADER 01821nam a2200373 a 4500 001 000000118251 003 CaOOAMICUS 005 20220412164955.0 008 091123t2009 it 001 0 ita r 020 $a978-88-311-9387-0 032 $aLibriCat 040 $aPUL$bita$dReb 041 1 $aita$heng 130 0 $aAncient Christian Commentary on Scripture, New Testament, V$lItaliano.$0(OLS)http://pul/title/131637 245 10$aAtti degli Apostoli /$ca cura di Francis Martin in collaborazione con Evan Smith ; edizione italiana a cura di Gianluca Pilara e Ilaria Maggiulli ; introduzione generale di Angelo Di Berardino ; introduzione al volume di Gianluca Pilara. 260 $aRoma :$bCittà Nuova,$c©2009. 300 $a478 p. ;$c25 cm. 490 1 $aLa Bibbia commentata dai Padri.$aNuovo Testamento ;$v5. 500 $aTesto su due colonne 504 $aBibliografia e indici 630 04$aBiblia.$pN.T.$pActus apostolorum$xCommenti.$0(OLS)http://pul/subject/10480 700 1 $aDi Berardino, Angelo,$cO.S.A.,$d1936-,$epr.$0(OLS)http://pul/name/5303 700 1 $aSmith, Evan.$0(OLS)http://pul/name/73831 700 1 $aMaggiulli, Ilaria.$0(OLS)http://pul/name/73832 700 1 $aMartin, Francis.$0(OLS)http://pul/name/71236 700 1 $aPilara, Gianluca.$0(OLS)http://pul/name/64262 830 3$aLa Bibbia commentata dai Padri.$pNuovo Testamento ;$v5.$0(OLS)http://pul/title/101707 850 $aPUL 852 $aPUL$W1$xSL Religione 3$y85$m220. 705 COLL 2.5$j135668$qDDC 21$B134656$CPULBib$Z2$F134656 $H111680 $82 941 1 $a9 996 $6020$a978-88-311-9387-0$9(OLS)http://pul/number/142468 996 $6245$aAtti degli Apostoli$9(OLS)http://pul/title/32648 996 $6260$aRoma :$bCittà Nuova$9(OLS)http://pul/publisher/47927 LEADER 01512nam a2200349 a 4500 001 000000139176 003 CaOOAMICUS 005 20140709143927.0 008 140709s2014 it u000 u ita r 020 $a978-88-13-32228-1 040 $aPUL$bita 082 04$a348.45 100 1 $aPocar, Fausto.$0(OLS)http://pul/name/29608 245 10$aCommentario breve ai trattati dell'Unione europea /$cFausto Pocar, Maria Caterina Baruffi ; con la collaborazione di Adelina Adinolfi ... [et al.]. 250 $a2. ed. 260 $aPadova :$bCEDAM,$c2014. 300 $aXXV, 1844 p. ;$c22 cm 490 1 $aBreviaria Iuris ;$v13 500 $aComprende indici. 610 14$aUnione europea$xOrdinamento.$0(OLS)http://pul/subject/23165 650 4$aDiritto comunitario.$0(OLS)http://pul/subject/12690 700 1 $aBaruffi, Maria Caterina.$0(OLS)http://pul/name/78852 700 1 $aAdinolfi, Adelina,$d1956-$0(OLS)http://pul/name/76201 830 0$aBreviaria Iuris ;$v13.$0(OLS)http://pul/title/8521 850 $aPUL 852 $aPUL$W1$xSL Diritto e Scienze Sociali 3$y79$m348. 45 COD 1.1.34$j160781$qDDC 21$B160178$CPULBib$Z2$F160178 $H124377 $82 941 1 $a9 996 $6020$a978-88-13-32228-1$9(OLS)http://pul/number/155730 996 $6082$a348.45$9(OLS)http://pul/classification/373 996 $6245$aCommentario breve ai trattati dell'Unione europea$9(OLS)http://pul/title/176216 996 $6260$aPadova :$bCEDAM$9(OLS)http://pul/publisher/48126